[Event "British Columbia-ch U20"]
[Site "Richmond"]
[Date "2016.11.13"]
[Round "4.8"]
[White "Pulfer, Luke"]
[Black "Wan, Justin"]
[Result "1-0"]
[WhiteElo "2047"]
[BlackElo "1546"]
[PlyCount "129"]
[EventDate "2016.11.11"]
[EventType "swiss"]
[EventRounds "5"]
[EventCountry "CAN"]
[SourceTitle "EXT 2022"]
[Source "ChessBase"]
[SourceDate "2021.10.06"]
[SourceVersion "1"]
[SourceVersionDate "2021.10.06"]
[SourceQuality "1"]

1. d4 d5 2. c4 c6 3. Nc3 Nf6 4. Nf3 e6 5. Bg5 Nbd7 6. e3 Be7 7. Bd3 dxc4 8. Bxc4 b5 9. Bd3 Bb7 10. a3 a5 11. 0-0 0-0 12. e4 b4 13. Na4 c5 14. e5 Nd5 15. Bxe7 Qxe7 16. Nxc5 Nxc5 17. dxc5 Qxc5 18. Bxh7+ Kh8 19. Rc1 Qe7 20. Bb1 Nf4 21. Rc4 Rad8 22. Qc2 Ng6 23. Nh4 Qg5 24. Nxg6+ fxg6 25. Qxg6 Qxg6 26. Bxg6 Ba6 27. Rh4+ Kg8 28. Rb1 Rd2 29. f3 Re2 30. Rd1 Rc8 31. axb4 Rxb2 32. bxa5 Ra2 33. Rh7 Re2 34. h3 Rxe5 35. Rd7 Rxa5 36. Rdxg7+ Kf8 37. Rf7+ Kg8 38. Rhg7+ Kh8 39. Kh2 Bf1 40. Be4 Ra2 41. Rg5 Rxg2+ 42. Rxg2 Bxg2 43. Kxg2 Re8 44. Kg3 Kg8 45. Bg6 Rd8 46. Re7 Rf8 47. Re8 Rxe8 48. Bxe8 Kg7 49. Kg4 Kf8 50. Bd7 Kf7 51. h4 e5 52. h5 Kg7 53. Be8 Kh6 54. Kf5 Kh7 55. Kxe5 Kh8 56. f4 Kg8 57. Bg6 Kg7 58. f5 Kg8 59. f6 Kf8 60. f7 Kg7 61. h6+ Kf8 62. h7 Kg7 63. h8Q+ Kxg6 64. f8R Kg5 65. Rg8# 1-0

[Event "British Columbia-ch U20"]
[Site "Richmond"]
[Date "2016.11.13"]
[Round "5.8"]
[White "Wan, Justin"]
[Black "Zheng, Victor"]
[Result "0-1"]
[WhiteElo "1546"]
[BlackElo "1822"]
[PlyCount "166"]
[EventDate "2016.11.11"]
[EventType "swiss"]
[EventRounds "5"]
[EventCountry "CAN"]
[SourceTitle "EXT 2022"]
[Source "ChessBase"]
[SourceDate "2021.10.06"]
[SourceVersion "1"]
[SourceVersionDate "2021.10.06"]
[SourceQuality "1"]

1. e4 c5 2. Nf3 d6 3. Bb5+ Bd7 4. Bxd7+ Nxd7 5. 0-0 Ngf6 6. d3 g6 7. Nc3 Bg7 8. Be3 0-0 9. Qd2 a6 10. Bh6 b5 11. Nd5 Nxd5 12. exd5 Nb6 13. Bxg7 Kxg7 14. c4 e6 15. dxe6 fxe6 16. Ng5 Qf6 17. Rae1 Rae8 18. Ne4 Qd4 19. Qa5 Nc8 20. Qxa6 b4 21. Ng5 Qf6 22. Ne4 Qf4 23. Re3 Qe5 24. Rh3 Rf7 25. Qa4 Ref8 26. Qc2 Ne7 27. Qd2 Qf4 28. Qxf4 Rxf4 29. Ng5 R8f6 30. Rxh7+ Kf8 31. Ne4 Rf7 32. Rxf7+ Kxf7 33. Nxd6+ Kg7 34. Re1 Rd4 35. Rxe6 Rxd3 36. Rxe7+ Kf6 37. Re1 Rxd6 38. b3 Rd2 39. Ra1 Kf5 40. Kf1 Kf4 41. Ke1 Rb2 42. h3 Ke4 43. f3+ Ke3 44. Kf1 Kd3 45. g3 Ke3 46. a3 Rxb3 47. axb4 cxb4 48. Kg2 Rb2+ 49. Kh1 Kxf3 50. Rg1 Rc2 51. h4 Rxc4 52. Kh2 b3 53. Rb1 Rb4 54. Kh3 b2 55. g4 Ke2 56. h5 gxh5 57. gxh5 Kd2 58. Rxb2+ Rxb2 59. Kg4 Rb5 60. h6 Ke3 61. Kh4 Kf4 62. h7 Rb8 63. Kh5 Kf5 64. Kh6 Kf6 65. Kh5 Kg7 66. Kg5 Rb5+ 67. Kf4 Kxh7 68. Ke4 Kg6 69. Kf4 Kf6 70. Ke4 Re5+ 71. Kd4 Ke6 72. Kd3 Kd5 73. Kc3 Re4 74. Kd3 Ke5 75. Kc3 Rd4 76. Kc2 Ke4 77. Kc3 Ke3 78. Kb3 Kd3 79. Kb2 Rb4+ 80. Ka3 Kc3 81. Ka2 Kc2 82. Ka3 Rd4 83. Ka2 Ra4# 0-1

[Event "British Columbia-ch U20"]
[Site "Richmond"]
[Date "2016.11.12"]
[Round "2.7"]
[White "Qu, Leo"]
[Black "Wan, Justin"]
[Result "1-0"]
[WhiteElo "1846"]
[BlackElo "1546"]
[PlyCount "57"]
[EventDate "2016.11.11"]
[EventType "swiss"]
[EventRounds "5"]
[EventCountry "CAN"]
[SourceTitle "EXT 2022"]
[Source "ChessBase"]
[SourceDate "2021.10.06"]
[SourceVersion "1"]
[SourceVersionDate "2021.10.06"]
[SourceQuality "1"]

1. d4 d5 2. c4 c6 3. cxd5 cxd5 4. Nc3 Nf6 5. f3 Nc6 6. e4 dxe4 7. d5 Ne5 8. fxe4 e6 9. Nf3 Nxf3+ 10. Qxf3 exd5 11. e5 Ne4 12. Bb5+ Bd7 13. Rf1 Qe7 14. Nxd5 Qh4+ 15. g3 Bb4+ 16. Nxb4 Qe7 17. Nd5 Qf8 18. Qxe4 Bxb5 19. Nc7+ Kd7 20. Nxb5 Qc5 21. Rxf7+ Ke8 22. Nd6+ Qxd6 23. exd6+ Kxf7 24. Qe7+ Kg6 25. d7 Rad8 26. g4 h5 27. Qe6+ Kh7 28. g5 g6 29. Qf7# 1-0